<?xml version="1.0" encoding="UTF-8"?><?xml-stylesheet type="text/xsl" href="static/style.xsl"?><OAI-PMH xmlns="http://www.openarchives.org/OAI/2.0/" xmlns:xsi="http://www.w3.org/2001/XMLSchema-instance" xsi:schemaLocation="http://www.openarchives.org/OAI/2.0/ http://www.openarchives.org/OAI/2.0/OAI-PMH.xsd"><responseDate>2026-04-18T21:25:02Z</responseDate><request verb="GetRecord" identifier="oai:recam.amb.cat:20.500.14439/1441" metadataPrefix="marc">https://recam.amb.cat/rest/oai/request</request><GetRecord><record><header><identifier>oai:recam.amb.cat:20.500.14439/1441</identifier><datestamp>2025-02-20T13:46:41Z</datestamp><setSpec>com_20.500.14439_153</setSpec><setSpec>com_20.500.14439_128</setSpec><setSpec>col_20.500.14439_4329</setSpec></header><metadata><record xmlns="http://www.loc.gov/MARC21/slim" xmlns:dcterms="http://purl.org/dc/terms/" xmlns:xsi="http://www.w3.org/2001/XMLSchema-instance" xmlns:doc="http://www.lyncode.com/xoai" xsi:schemaLocation="http://www.loc.gov/MARC21/slim http://www.loc.gov/standards/marcxml/schema/MARC21slim.xsd">
   <leader>00925njm 22002777a 4500</leader>
   <datafield ind2=" " ind1=" " tag="042">
      <subfield code="a">dc</subfield>
   </datafield>
   <datafield ind2=" " ind1=" " tag="720">
      <subfield code="a">Àrea Metropolitana de Barcelona</subfield>
      <subfield code="e">author</subfield>
   </datafield>
   <datafield ind2=" " ind1=" " tag="260">
      <subfield code="c">2014-01-01</subfield>
   </datafield>
   <datafield ind2=" " ind1=" " tag="520">
      <subfield code="a">Per començar a comprendre les noves dinàmiques es proposa un mètode doble: d'una banda l'estudi dels nous termes que influeixen en l'estudi i les propostes sobre la ciutat. D'altra banda, s'analitzen una trentena de ciutats que són capdavanteres en les estratègies i accions urbanístiques per tractar d'esbrinar quines són les tendències en la planificació de la ciutat i les seves metròpolis. El treball ha estat dirigit per Joan Busquets i realitzat amb un grup d'investigadors del GSD-Harvard University durant el primer semestre del 2014. Per la seva banda, la recerca ha estat coordinada per BAU B - Arquitectura i Urbanisme. La iniciativa va ser impulsada per Barcelona Regional i l'AMB el 2013.  "Ciutats i plans urbanístics al segle XXI: Per comprendre les noves dinàmiques i els instruments urbanístics" forma part de la col·lecció "Quaderns PDU metropolità", que és la plataforma de difusió d'idees, de diversos estudis metropolitans i de reflexions entre experts de diverses disciplines, que aporten dades i noves perspectives al coneixement de l'àrea metropolitana de Barcelona i al procés de redacció del Pla director urbanístic metropolità (PDU).</subfield>
   </datafield>
   <datafield ind1="8" ind2=" " tag="024">
      <subfield code="a">2339-8922</subfield>
   </datafield>
   <datafield ind1="8" ind2=" " tag="024">
      <subfield code="a">https://hdl.handle.net/20.500.14439/1441</subfield>
   </datafield>
   <datafield ind1="8" ind2=" " tag="024">
      <subfield code="a">6805303</subfield>
   </datafield>
   <datafield ind1="8" ind2=" " tag="024">
      <subfield code="a">B 22831-2014</subfield>
   </datafield>
   <datafield tag="653" ind2=" " ind1=" ">
      <subfield code="a">Urbanisme</subfield>
   </datafield>
   <datafield tag="653" ind2=" " ind1=" ">
      <subfield code="a">Ciutats</subfield>
   </datafield>
   <datafield ind2="0" ind1="0" tag="245">
      <subfield code="a">Cities and urban plans in the 21st century: understanding the new dynamic and urban planning instruments</subfield>
   </datafield>
</record></metadata></record></GetRecord></OAI-PMH>